Statistiques concernant Plus grandes villes de France par nombre de lettres

Cliquez ici pour prendre le quiz!

Statistiques générales

  • Ce quiz a été pris 600 fois
  • Le résultat moyen est 9 sur 26

Statistiques - réponses

LettresPopulationVille% Correct
52 187 526Paris
92%
9863 310Marseille
87%
4516 092Lyon
85%
192Y
83%
8479 553Toulouse
74%
6309 346Nantes
70%
10280 966Strasbourg
69%
11285 121Montpellier
58%
12172 565Saint-Etienne
48%
15143 886Clermont-Ferrand
40%
377 130Pau
33%
13142 482Aix-en-Provence
31%
19120 071Boulogne-Billancourt
30%
7170 147Le Havre
29%
26 883Eu
19%
2042 612Saint-Laurent-du-Maroni
8%
1685 191Asnières-sur-Seine
7%
1485 740Aulnay-sous-Bois
7%
1874 859Saint-Maur-des-Fossés
7%
1777 630Champigny-sur-Marne
6%
2416 776Château-Gontier-sur-Mayenne
1%
2316 850Châteauneuf-les-Martigues
1%
2131 164Le Chesnay-Rocquencourt
1%
2236 207Sainte-Geneviève-des-Bois
1%
2516 433Saint-Maximin-la-Sainte-Baume
1%
+ de 258 341Téteghem-Coudekerque-Village
1%

Distribution des résultats

Percentile par nombre de réponses

% des personnes avec chaque résultat

Votre développement - résultats

Vous n’avez pas pris ce quiz